Guess the 1960s song lyrics #228 - Statistics

General Stats
  • This quiz has been taken 13 times
  • The average score is 108 of 162
Answer Stats
Answer % Correct
I
100%
it
91%
love
91%
so
91%
to
91%
you
91%
have
82%
I'm
82%
in
82%
me
82%
with
82%
do
73%
go
73%
Go
73%
now
73%
tell
73%
that
73%
want
73%
Want
73%
don't
64%
Don't
64%
how
64%
see
64%
What
64%
what
64%
cause
55%
Cause
55%
got
55%
just
55%
oh
55%
Oh
55%
really
55%
way
55%
yeah
55%
you've
55%
can't
45%
Darlin
45%
darlin
45%
had
45%
many
45%
stay
45%
still
45%
this
45%
times
45%
We've
45%
you'd
45%
already
36%
Before
36%
better
36%
cry
36%
end
36%
goodbye
36%
gotta
36%
long
36%
said
36%
try
36%
even
27%
intend
27%
Tellin
27%
Since
18%
Bessie Banks
9%
No matching quizzes found
Score Distribution
Percent of People with Each Score
Percentile by Number Answered
Your Score History
You have not taken this quiz